[Event "43. Olimpiada Batumi 2018 Femenina"]
[Site "Batumi GEO"]
[Date "2018.10.02"]
[Round "8.4"]
[White "Boshra, Alshaeby"]
[Black "Qin, Joy Shu Yan"]
[Result "1-0"]
[WhiteElo "1979"]
[BlackElo "1727"]
[PlyCount "101"]
[EventDate "2018.09.24"]
[EventType "team-swiss"]
[EventRounds "11"]
[EventCountry "GEO"]
[SourceTitle "Ajedrez en Madrid"]
[Source "lmi"]
[SourceDate "2018.09.24"]
[WhiteTeam "Jordan"]
[BlackTeam "New Zealand"]
[WhiteTeamCountry "JOR"]
[BlackTeamCountry "NZL"]

1. e4 e6 2. Nf3 d5 3. Nc3 Nf6 4. e5 Nfd7 5. d4 c5 6. dxc5 Bxc5 7. Bd3 a6 8. O-O
Nc6 9. Bf4 b5 10. a3 Bb7 11. Qe2 Rc8 12. Rfe1 Be7 13. Qd2 O-O 14. Ne2 Nc5 15.
Ned4 Na5 16. b3 Ne4 17. Qe2 Qb6 18. Be3 Qc7 19. g3 Nc6 20. Nxc6 Qxc6 21. Nd4
Qc7 22. f4 Bc5 23. b4 Bb6 24. Nb3 Nc3 25. Qd2 Rfd8 26. Nd4 Ne4 27. Qc1 Qc3 28.
Ne2 Bxe3+ 29. Qxe3 Qc6 30. Nd4 Qc3 31. Ne2 Qc6 32. Qd4 Nd2 33. Kg2 Nc4 34. f5
Ne3+ 35. Kg1 Nxc2 36. Bxc2 Qxc2 37. fxe6 fxe6 38. Rac1 Qb3 39. Qb6 Rb8 40.
Qxe6+ Kh8 41. Nd4 Qxa3 42. Qe7 Re8 43. Qg5 Qxb4 44. Nf5 Rg8 45. Rf1 Rbc8 46.
Nd6 Qd4+ 47. Kg2 Qb2+ 48. Kh3 h6 49. Qg6 Rgf8 50. Nxb7 Rxf1 51. Rxc8+ 1-0

[Event "43. Olimpiada Batumi 2018 Femenina"]
[Site "Batumi GEO"]
[Date "2018.10.02"]
[Round "8.1"]
[White "Mueller-Seps, Monika"]
[Black "Shabanaj, Eglantina"]
[Result "1-0"]
[WhiteElo "2230"]
[BlackElo "1953"]
[PlyCount "91"]
[EventDate "2018.09.24"]
[EventType "team-swiss"]
[EventRounds "11"]
[EventCountry "GEO"]
[SourceTitle "Ajedrez en Madrid"]
[Source "lmi"]
[SourceDate "2018.09.24"]
[WhiteTeam "Switzerland"]
[BlackTeam "Albania"]
[WhiteTeamCountry "SUI"]
[BlackTeamCountry "ALB"]

1. d4 d5 2. Bf4 e6 3. e3 c6 4. Nf3 Nd7 5. Nbd2 f5 6. Bd3 Ngf6 7. h3 Ne4 8. Ne5
Ndf6 9. f3 Nd6 10. Qe2 Bd7 11. O-O-O b5 12. e4 Be7 13. Nxd7 Qxd7 14. Bxd6 Bxd6
15. e5 Nh5 16. exd6 Ng3 17. Qe5 Nxh1 18. Bxf5 Kf7 19. Bg4 Nf2 20. Rf1 Nxg4 21.
fxg4+ Ke8 22. Nb3 Rf8 23. Re1 Rd8 24. Nc5 Qxd6 25. Qxg7 Rf7 26. Qg8+ Ke7 27.
Qg5+ Rf6 28. Qg7+ Rf7 29. Qg5+ Rf6 30. Rxe6+ Qxe6 31. Nxe6 Kxe6 32. Qe5+ Kf7
33. Qc7+ Ke8 34. Qe5+ Kf7 35. Qc7+ Ke8 36. Qxh7 Rd7 37. Qg8+ Ke7 38. g5 Rf1+
39. Kd2 Rf2+ 40. Ke3 Rxg2 41. Kf3 Rd2 42. h4 Kd6 43. Qb8+ Ke7 44. g6 Rd1 45. g7
Rd8 46. Qxd8+ 1-0

[Event "43. Olimpiada Batumi 2018 Femenina"]
[Site "Batumi GEO"]
[Date "2018.10.02"]
[Round "8.2"]
[White "Shabanaj, Alda"]
[Black "Heinatz, Gundula"]
[Result "1/2-1/2"]
[WhiteElo "1853"]
[BlackElo "2170"]
[PlyCount "63"]
[EventDate "2018.09.24"]
[EventType "team-swiss"]
[EventRounds "11"]
[EventCountry "GEO"]
[SourceTitle "Ajedrez en Madrid"]
[Source "lmi"]
[SourceDate "2018.09.24"]
[WhiteTeam "Albania"]
[BlackTeam "Switzerland"]
[WhiteTeamCountry "ALB"]
[BlackTeamCountry "SUI"]

1. d4 e6 2. Nf3 c5 3. e3 Nf6 4. c3 Be7 5. Bd3 d5 6. O-O O-O 7. Nbd2 Nc6 8. dxc5
Bxc5 9. Qe2 e5 10. e4 d4 11. Nb3 Bb6 12. cxd4 Bxd4 13. Nbxd4 Nxd4 14. Nxd4 Qxd4
15. Be3 Qd6 16. Rac1 b6 17. Rfd1 Bb7 18. Bg5 Rac8 19. Rxc8 Rxc8 20. Qf3 Qe7 21.
Bxf6 Qxf6 22. Qxf6 gxf6 23. f3 Kf8 24. Kf2 Ke7 25. b3 Rc3 26. Ke2 a5 27. Bc4
Rc2+ 28. Rd2 Rc1 29. Rd1 Rxd1 30. Kxd1 Bc8 31. g4 Bd7 32. Kd2 1/2-1/2

[Event "43. Olimpiada Batumi 2018 Femenina"]
[Site "Batumi GEO"]
[Date "2018.10.02"]
[Round "8.3"]
[White "De Seroux, Camille"]
[Black "Gjergji, Rozana"]
[Result "1-0"]
[WhiteElo "2175"]
[BlackElo "1924"]
[PlyCount "55"]
[EventDate "2018.09.24"]
[EventType "team-swiss"]
[EventRounds "11"]
[EventCountry "GEO"]
[SourceTitle "Ajedrez en Madrid"]
[Source "lmi"]
[SourceDate "2018.09.24"]
[WhiteTeam "Switzerland"]
[BlackTeam "Albania"]
[WhiteTeamCountry "SUI"]
[BlackTeamCountry "ALB"]

1. e4 e5 2. Nf3 Nc6 3. Nc3 Nf6 4. Bb5 Bc5 5. O-O d6 6. d4 exd4 7. Nxd4 Bd7 8.
Nxc6 bxc6 9. Bd3 Ng4 10. h3 Ne5 11. Na4 Nxd3 12. Qxd3 Bb6 13. c4 Qf6 14. Bd2
Bd4 15. Ba5 c5 16. Nc3 Bxc3 17. Bxc3 Qg6 18. f4 f6 19. Qd5 Ke7 20. e5 fxe5 21.
fxe5 Raf8 22. exd6+ Qxd6 23. Rfe1+ Be6 24. Rxe6+ Qxe6 25. Re1 Qxe1+ 26. Bxe1 h6
27. Qxc5+ Kd7 28. Bg3 1-0

[Event "43. Olimpiada Batumi 2018 Femenina"]
[Site "Batumi GEO"]
[Date "2018.10.02"]
[Round "8.4"]
[White "Kerciku, Suzana"]
[Black "Stoeri, Laura"]
[Result "0-1"]
[WhiteElo "1573"]
[BlackElo "2118"]
[PlyCount "68"]
[EventDate "2018.09.24"]
[EventType "team-swiss"]
[EventRounds "11"]
[EventCountry "GEO"]
[SourceTitle "Ajedrez en Madrid"]
[Source "lmi"]
[SourceDate "2018.09.24"]
[WhiteTeam "Albania"]
[BlackTeam "Switzerland"]
[WhiteTeamCountry "ALB"]
[BlackTeamCountry "SUI"]

1. e4 e5 2. Nf3 Nc6 3. Bb5 g6 4. O-O Bg7 5. c3 d6 6. Re1 Nge7 7. h3 O-O 8. d4
Bd7 9. Ba4 Kh8 10. d5 Nb8 11. Nbd2 h6 12. Nf1 f5 13. exf5 Nxf5 14. Ng3 Qf6 15.
Ne4 Qf7 16. Bxd7 Nxd7 17. Be3 Nf6 18. Nxf6 Qxf6 19. Qd3 Rae8 20. Bxa7 b6 21. a4
Ra8 22. Qa6 Nh4 23. Nxh4 Qxf2+ 24. Kh1 Qxh4 25. Rf1 e4 26. Rxf8+ Rxf8 27. a5
Qf4 28. Qe2 Be5 29. g4 Qg3 30. Qg2 Qe3 31. axb6 cxb6 32. Rf1 Rf3 33. Rxf3 exf3
34. Qf1 Qe2 0-1

[Event "43. Olimpiada Batumi 2018 Femenina"]
[Site "Batumi GEO"]
[Date "2018.10.02"]
[Round "8.1"]
[White "Perez Rodriguez, Jennifer"]
[Black "Richards, Heather S"]
[Result "1-0"]
[WhiteElo "2159"]
[BlackElo "2259"]
[PlyCount "61"]
[EventDate "2018.09.24"]
[EventType "team-swiss"]
[EventRounds "11"]
[EventCountry "GEO"]
[SourceTitle "Ajedrez en Madrid"]
[Source "lmi"]
[SourceDate "2018.09.24"]
[WhiteTeam "Paraguay"]
[BlackTeam "Australia"]
[WhiteTeamCountry "PAR"]
[BlackTeamCountry "AUS"]

1. d4 d6 2. e4 Nf6 3. Nc3 c6 4. Be3 Qb6 5. a3 Ng4 6. Bc1 e5 7. Nf3 Be7 8. h3
Nf6 9. Bc4 Nbd7 10. O-O h6 11. Re1 Qc7 12. Bb3 Nf8 13. Be3 Ng6 14. Qd2 Nh5 15.
Ne2 O-O 16. g4 Nf6 17. Ng3 b5 18. a4 Be6 19. Qc3 a6 20. dxe5 dxe5 21. Bxe6 fxe6
22. Qb3 Qc8 23. Nf5 Nxe4 24. Nxe5 Rxf5 25. Nxg6 Rf7 26. Nxe7+ Rxe7 27. Qb4 Qd7
28. Qxe4 Rf8 29. axb5 axb5 30. Bc5 Qd2 31. Rad1 1-0

[Event "43. Olimpiada Batumi 2018 Femenina"]
[Site "Batumi GEO"]
[Date "2018.10.02"]
[Round "8.2"]
[White "Ryjanova, Julia"]
[Black "Avalos, Leticia"]
[Result "1-0"]
[WhiteElo "2330"]
[BlackElo "1704"]
[PlyCount "77"]
[EventDate "2018.09.24"]
[EventType "team-swiss"]
[EventRounds "11"]
[EventCountry "GEO"]
[SourceTitle "Ajedrez en Madrid"]
[Source "lmi"]
[SourceDate "2018.09.24"]
[WhiteTeam "Australia"]
[BlackTeam "Paraguay"]
[WhiteTeamCountry "AUS"]
[BlackTeamCountry "PAR"]

1. Nf3 Nf6 2. c4 e6 3. g3 c5 4. Bg2 Nc6 5. O-O Be7 6. Nc3 O-O 7. d4 cxd4 8.
Nxd4 a6 9. e4 Nxd4 10. Qxd4 d6 11. b3 Qc7 12. Bb2 Bd7 13. a4 Bc6 14. a5 Rad8
15. h3 Nh5 16. Qe3 Nf6 17. Rfc1 Qb8 18. Ne2 Rfe8 19. Nd4 Bd7 20. f4 e5 21. Ne2
Bc6 22. f5 Nd7 23. Kh2 Qa8 24. b4 b5 25. axb6 Rb8 26. c5 dxc5 27. bxc5 Nf6 28.
Nc3 Red8 29. Rd1 a5 30. Nd5 Bf8 31. Bxe5 Bxd5 32. Bxb8 Qxb8 33. exd5 Qc8 34. d6
Qxf5 35. b7 h5 36. Rf1 Qg6 37. Qd4 Qg5 38. Rab1 Nd7 39. c6 1-0

[Event "43. Olimpiada Batumi 2018 Femenina"]
[Site "Batumi GEO"]
[Date "2018.10.02"]
[Round "8.3"]
[White "Martinez Ramirez, Anahi"]
[Black "Zhang, Jilin"]
[Result "0-1"]
[WhiteElo "1510"]
[BlackElo "2224"]
[PlyCount "66"]
[EventDate "2018.09.24"]
[EventType "team-swiss"]
[EventRounds "11"]
[EventCountry "GEO"]
[SourceTitle "Ajedrez en Madrid"]
[Source "lmi"]
[SourceDate "2018.09.24"]
[WhiteTeam "Paraguay"]
[BlackTeam "Australia"]
[WhiteTeamCountry "PAR"]
[BlackTeamCountry "AUS"]

1. e4 c5 2. Nf3 d6 3. d4 cxd4 4. Nxd4 Nf6 5. f3 e6 6. c4 a6 7. Nc3 b6 8. Be3
Bb7 9. Be2 Be7 10. O-O Qc7 11. Rc1 Nbd7 12. Qd2 O-O 13. Bf2 Rac8 14. Rfd1 Rfe8
15. Kh1 Qb8 16. a3 Bd8 17. Nc2 Bc7 18. Bg3 Ne5 19. Ne3 Nh5 20. f4 Nxg3+ 21.
hxg3 Ng6 22. Rf1 Bd8 23. Rcd1 Be7 24. Bg4 Nf8 25. Qf2 Bf6 26. Ned5 exd5 27.
Bxc8 Qxc8 28. Nxd5 Bxd5 29. cxd5 Rxe4 30. Rc1 Qf5 31. Rfd1 g5 32. Rf1 Bd4 33.
Qf3 g4 0-1

[Event "43. Olimpiada Batumi 2018 Femenina"]
[Site "Batumi GEO"]
[Date "2018.10.02"]
[Round "8.4"]
[White "Nguyen, Thu Giang"]
[Black "Carreras Colman, Luz Gabriela"]
[Result "1-0"]
[WhiteElo "2134"]
[BlackElo "1397"]
[PlyCount "75"]
[EventDate "2018.09.24"]
[EventType "team-swiss"]
[EventRounds "11"]
[EventCountry "GEO"]
[SourceTitle "Ajedrez en Madrid"]
[Source "lmi"]
[SourceDate "2018.09.24"]
[WhiteTeam "Australia"]
[BlackTeam "Paraguay"]
[WhiteTeamCountry "AUS"]
[BlackTeamCountry "PAR"]

1. e4 e5 2. Nf3 d6 3. d4 exd4 4. Nxd4 Nf6 5. Nc3 Be7 6. Bc4 O-O 7. O-O c6 8. a3
Nbd7 9. h3 Re8 10. f4 Bf8 11. Re1 Nb6 12. Ba2 d5 13. e5 Nfd7 14. Bd2 Nc5 15. f5
Qh4 16. Nf3 Qh5 17. Nd4 Qh4 18. Qg4 Qxg4 19. hxg4 Ncd7 20. Bf4 f6 21. e6 Nc5
22. b4 Nca4 23. Nxa4 Nxa4 24. c4 Nc3 25. cxd5 Nxa2 26. Rxa2 cxd5 27. Nb5 Re7
28. Nc7 Rxc7 29. Bxc7 Be7 30. Rd2 b6 31. Rxd5 Bb7 32. Rd7 Kf8 33. Bxb6 axb6 34.
Rxb7 Re8 35. Rd1 g6 36. Rdd7 gxf5 37. gxf5 h5 38. Kf2 1-0

[Event "43. Olimpiada Batumi 2018 Femenina"]
[Site "Batumi GEO"]
[Date "2018.10.02"]
[Round "8.1"]
[White "Newrkla, Katharina"]
[Black "Premanath, Dinushki"]
[Result "1-0"]
[WhiteElo "2204"]
[BlackElo "1813"]
[PlyCount "85"]
[EventDate "2018.09.24"]
[EventType "team-swiss"]
[EventRounds "11"]
[EventCountry "GEO"]
[SourceTitle "Ajedrez en Madrid"]
[Source "lmi"]
[SourceDate "2018.09.24"]
[WhiteTeam "Austria"]
[BlackTeam "Sri Lanka"]
[WhiteTeamCountry "AUT"]
[BlackTeamCountry "SRI"]

1. e4 c5 2. Nf3 d6 3. Nc3 Nf6 4. e5 dxe5 5. Nxe5 a6 6. g3 Qc7 7. d4 cxd4 8.
Qxd4 Nc6 9. Nxc6 Qxc6 10. Bg5 Qxh1 11. O-O-O Bd7 12. Bxf6 Qc6 13. Bg2 Qd6 14.
Qxd6 exd6 15. Bxb7 Ra7 16. Re1+ Be6 17. Bc6+ Rd7 18. Bd4 Kd8 19. Bxd7 Kxd7 20.
b3 Rg8 21. Kb2 Be7 22. f4 h6 23. Rf1 g6 24. Nd1 Bd5 25. Ne3 Be4 26. Rd1 f5 27.
c4 Kc6 28. b4 Rb8 29. Kb3 g5 30. a4 Kb7 31. b5 Rc8 32. Bc3 g4 33. Bb4 Rd8 34.
Nd5 Bf8 35. Nc3 Bf3 36. Re1 axb5 37. axb5 Rd7 38. Re6 Bg7 39. Bxd6 Bd4 40. Rxh6
Bg1 41. c5 Rd8 42. Rh7+ Ka8 43. Na4 1-0

[Event "43. Olimpiada Batumi 2018 Femenina"]
[Site "Batumi GEO"]
[Date "2018.10.02"]
[Round "8.2"]
[White "Ranasinghe, S D."]
[Black "Teuschler, Barbara"]
[Result "1-0"]
[WhiteElo "1785"]
[BlackElo "2172"]
[PlyCount "47"]
[EventDate "2018.09.24"]
[EventType "team-swiss"]
[EventRounds "11"]
[EventCountry "GEO"]
[SourceTitle "Ajedrez en Madrid"]
[Source "lmi"]
[SourceDate "2018.09.24"]
[WhiteTeam "Sri Lanka"]
[BlackTeam "Austria"]
[WhiteTeamCountry "SRI"]
[BlackTeamCountry "AUT"]

1. Nf3 Nf6 2. g3 b6 3. Bg2 Bb7 4. d4 g6 5. O-O Bg7 6. Nbd2 O-O 7. Re1 d6 8. e4
Nbd7 9. e5 dxe5 10. dxe5 Ng4 11. h3 Nh6 12. Qe2 e6 13. Ne4 Qc8 14. Nf6+ Kh8 15.
Bxh6 Bxh6 16. Qc4 Nxf6 17. exf6 Bxf3 18. Bxf3 Bg5 19. Bxa8 Qxa8 20. Qxc7 Bxf6
21. c3 Kg8 22. Rad1 Rc8 23. Qf4 Kg7 24. Rxe6 1-0

[Event "43. Olimpiada Batumi 2018 Femenina"]
[Site "Batumi GEO"]
[Date "2018.10.02"]
[Round "8.3"]
[White "Froewis, Annika"]
[Black "De Silva, Tenara"]
[Result "1/2-1/2"]
[WhiteElo "2113"]
[BlackElo "1764"]
[PlyCount "60"]
[EventDate "2018.09.24"]
[EventType "team-swiss"]
[EventRounds "11"]
[EventCountry "GEO"]
[SourceTitle "Ajedrez en Madrid"]
[Source "lmi"]
[SourceDate "2018.09.24"]
[WhiteTeam "Austria"]
[BlackTeam "Sri Lanka"]
[WhiteTeamCountry "AUT"]
[BlackTeamCountry "SRI"]

1. e4 c5 2. Nc3 e6 3. g3 Nc6 4. Bg2 Nf6 5. d3 d5 6. f4 dxe4 7. Nxe4 Nd5 8. a3
Be7 9. c4 Nf6 10. Nc3 a6 11. Nf3 Rb8 12. O-O O-O 13. Kh1 b5 14. cxb5 axb5 15.
Be3 Ba6 16. Ne4 Nd4 17. Rc1 Rc8 18. Ne5 Nd5 19. Bg1 f6 20. Nf3 Nxf3 21. Bxf3 c4
22. d4 Bb7 23. Nc5 Bxc5 24. dxc5 Qe7 25. Bg2 Ba8 26. Re1 Rfd8 27. Qe2 Nc7 28.
Bxa8 Rxa8 29. Rcd1 Rxd1 30. Rxd1 Rd8 1/2-1/2

[Event "43. Olimpiada Batumi 2018 Femenina"]
[Site "Batumi GEO"]
[Date "2018.10.02"]
[Round "8.4"]
[White "Jayaweera, Sayuni Gihansa"]
[Black "Trippold, Denise"]
[Result "0-1"]
[WhiteElo "1655"]
[BlackElo "2146"]
[PlyCount "94"]
[EventDate "2018.09.24"]
[EventType "team-swiss"]
[EventRounds "11"]
[EventCountry "GEO"]
[SourceTitle "Ajedrez en Madrid"]
[Source "lmi"]
[SourceDate "2018.09.24"]
[WhiteTeam "Sri Lanka"]
[BlackTeam "Austria"]
[WhiteTeamCountry "SRI"]
[BlackTeamCountry "AUT"]

1. d4 Nf6 2. g3 c5 3. c3 g6 4. Bg2 d5 5. dxc5 Bg7 6. b4 O-O 7. Bb2 b6 8. cxb6
Qxb6 9. Qd4 Qc7 10. Nf3 Nc6 11. Qd1 Ne4 12. Qxd5 Bf5 13. Qc4 Qb6 14. O-O Nxb4
15. Nbd2 Nc2 16. Nxe4 Qxb2 17. Rab1 Na3 18. Rxb2 Nxc4 19. Rb4 Rac8 20. Nh4 Bxe4
21. Bxe4 Bxc3 22. Ra4 a5 23. Rc1 Bb4 24. Bb7 Nb2 25. Rxc8 Rxc8 26. Bxc8 Nxa4
27. Ba6 Nc3 28. Bc4 Bc5 29. Kg2 Nd1 30. e3 Bxe3 31. Bxf7+ Kxf7 32. fxe3 Nxe3+
33. Kf3 Nd5 34. a3 Nb6 35. Ke4 Nc4 36. a4 Nb6 37. Kd4 Nxa4 38. Kc4 Nb6+ 39. Kb5
a4 40. Kb4 e5 41. Nf3 Kf6 42. Nd2 Kf5 43. Kb5 e4 44. Nb1 e3 45. Nc3 a3 46. Kb4
a2 47. Nxa2 e2 0-1

[Event "43. Olimpiada Batumi 2018 Femenina"]
[Site "Batumi GEO"]
[Date "2018.10.02"]
[Round "8.1"]
[White "Gomez Barrera, Javiera Belen"]
[Black "Mirza, Diana"]
[Result "1-0"]
[WhiteElo "2035"]
[BlackElo "1960"]
[PlyCount "35"]
[EventDate "2018.09.24"]
[EventType "team-swiss"]
[EventRounds "11"]
[EventCountry "GEO"]
[SourceTitle "Ajedrez en Madrid"]
[Source "lmi"]
[SourceDate "2018.09.24"]
[WhiteTeam "Chile"]
[BlackTeam "Ireland"]
[WhiteTeamCountry "CHI"]
[BlackTeamCountry "IRL"]

1. e4 e5 2. Nf3 d6 3. d4 Nf6 4. dxe5 Nxe4 5. Qd5 Nc5 6. Bg5 Be7 7. exd6 Qxd6 8.
Nc3 a6 9. O-O-O Be6 10. Bxe7 Qxe7 11. Qe5 f6 12. Qe3 Nc6 13. Nd4 Bd7 14. Qxe7+
Nxe7 15. Re1 Kd8 16. b4 Na4 17. Nxa4 Bxa4 18. Ne6+ 1-0

[Event "43. Olimpiada Batumi 2018 Femenina"]
[Site "Batumi GEO"]
[Date "2018.10.02"]
[Round "8.2"]
[White "Plaza Reino, Mercedes"]
[Black "Jorquera Cabello, Valentina"]
[Result "0-1"]
[WhiteElo "1727"]
[BlackElo "2031"]
[PlyCount "78"]
[EventDate "2018.09.24"]
[EventType "team-swiss"]
[EventRounds "11"]
[EventCountry "GEO"]
[SourceTitle "Ajedrez en Madrid"]
[Source "lmi"]
[SourceDate "2018.09.24"]
[WhiteTeam "Ireland"]
[BlackTeam "Chile"]
[WhiteTeamCountry "IRL"]
[BlackTeamCountry "CHI"]

1. d4 Nf6 2. c4 g6 3. Nc3 Bg7 4. g3 O-O 5. Bg2 d6 6. Nf3 Nc6 7. O-O a6 8. d5
Na5 9. Qd3 c5 10. dxc6 Nxc6 11. e4 Bg4 12. Nd2 Rc8 13. h3 Bd7 14. Rb1 Ne5 15.
Qe2 Qc7 16. b3 b5 17. f4 Nc6 18. Bb2 e6 19. Qf2 Ng4 20. Qe2 Qa7+ 21. Kh1 Ne3
22. Rfc1 Nxg2 23. Kxg2 b4 24. Nd1 Nd4 25. Qf2 Bc6 26. Kh2 f5 27. Qe3 e5 28.
Bxd4 exd4 29. Qd3 fxe4 30. Nxe4 Bxe4 31. Qxe4 Rfe8 32. Qd3 Re7 33. Rc2 Rce8 34.
Rg2 Qb7 35. Nf2 Re3 36. Qd1 Re2 37. Qf1 Qf3 38. Ng4 Rxg2+ 39. Qxg2 Re2 0-1

[Event "43. Olimpiada Batumi 2018 Femenina"]
[Site "Batumi GEO"]
[Date "2018.10.02"]
[Round "8.3"]
[White "Morales Flores, Monserrat"]
[Black "Lowry-O`Reilly, Hannah"]
[Result "1-0"]
[WhiteElo "1935"]
[BlackElo "1716"]
[PlyCount "51"]
[EventDate "2018.09.24"]
[EventType "team-swiss"]
[EventRounds "11"]
[EventCountry "GEO"]
[SourceTitle "Ajedrez en Madrid"]
[Source "lmi"]
[SourceDate "2018.09.24"]
[WhiteTeam "Chile"]
[BlackTeam "Ireland"]
[WhiteTeamCountry "CHI"]
[BlackTeamCountry "IRL"]

1. e4 e6 2. d4 d5 3. Nc3 Nf6 4. Bd3 dxe4 5. Nxe4 Nbd7 6. Nf3 Be7 7. Qe2 O-O 8.
Bd2 b6 9. O-O Bb7 10. Rad1 Nxe4 11. Bxe4 Bxe4 12. Qxe4 c5 13. dxc5 Bxc5 14. Bg5
Qc7 15. b4 Bd6 16. Qd4 Ne5 17. Qxd6 Nxf3+ 18. gxf3 Qxc2 19. Qg3 Kh8 20. Rd7 Qf5
21. Rfd1 h6 22. Be7 Rfe8 23. Qg4 Qe5 24. Qe4 Qh5 25. Qg4 Qe5 26. Bh4 1-0

[Event "43. Olimpiada Batumi 2018 Femenina"]
[Site "Batumi GEO"]
[Date "2018.10.02"]
[Round "8.4"]
[White "Ni Mhuireagain, Eibhia"]
[Black "Pinilla Delgado, Sofia Ignacia"]
[Result "0-1"]
[WhiteElo "1655"]
[BlackElo "1710"]
[PlyCount "68"]
[EventDate "2018.09.24"]
[EventType "team-swiss"]
[EventRounds "11"]
[EventCountry "GEO"]
[SourceTitle "Ajedrez en Madrid"]
[Source "lmi"]
[SourceDate "2018.09.24"]
[WhiteTeam "Ireland"]
[BlackTeam "Chile"]
[WhiteTeamCountry "IRL"]
[BlackTeamCountry "CHI"]

1. e4 d6 2. d4 Nf6 3. Nc3 e5 4. dxe5 dxe5 5. Qxd8+ Kxd8 6. Bc4 Ke8 7. f3 Bc5 8.
Na4 Bd6 9. Be3 Nbd7 10. Ne2 a6 11. Bb3 b5 12. Nac3 h6 13. O-O-O Bb7 14. a3 g6
15. Kb1 Kf8 16. Nc1 Kg7 17. Nd3 Rhc8 18. Rd2 Bf8 19. Ne2 c5 20. c4 a5 21. Rhd1
a4 22. Ba2 b4 23. axb4 cxb4 24. b3 axb3 25. Bxb3 Ra3 26. Nec1 Ba6 27. Nb2 Nc5
28. Bxc5 Bxc5 29. Nbd3 Be3 30. Rc2 Bd4 31. Ra2 Bxc4 32. Nxb4 Bxb3 33. Rxd4
Bxa2+ 34. Ncxa2 exd4 0-1

[Event "43. Olimpiada Batumi 2018 Femenina"]
[Site "Batumi GEO"]
[Date "2018.10.02"]
[Round "8.1"]
[White "Narva, Mai"]
[Black "Gray, Krishna"]
[Result "1-0"]
[WhiteElo "2320"]
[BlackElo "1693"]
[PlyCount "71"]
[EventDate "2018.09.24"]
[EventType "team-swiss"]
[EventRounds "11"]
[EventCountry "GEO"]
[SourceTitle "Ajedrez en Madrid"]
[Source "lmi"]
[SourceDate "2018.09.24"]
[WhiteTeam "Estonia"]
[BlackTeam "Jamaica"]
[WhiteTeamCountry "EST"]
[BlackTeamCountry "JAM"]

1. e4 e6 2. d4 d5 3. e5 c5 4. c3 Nc6 5. Nf3 Qb6 6. a3 c4 7. Nbd2 f6 8. exf6
Nxf6 9. b3 cxb3 10. Nxb3 Bd6 11. Be3 Qc7 12. c4 dxc4 13. Bxc4 O-O 14. O-O Kh8
15. h3 Bd7 16. Ng5 Rae8 17. Nd2 Nd8 18. Bd3 Bc6 19. Nde4 Bxe4 20. Nxe4 Nc6 21.
Nxf6 gxf6 22. Qh5 Rg8 23. Rfd1 Qg7 24. Bf1 f5 25. Rab1 Re7 26. a4 Qf6 27. Bc1
Reg7 28. Bb2 Rg5 29. Qe2 Qh6 30. d5+ e5 31. dxc6 Qxh3 32. Bxe5+ Bxe5 33. Qxe5+
R5g7 34. Rxb7 h6 35. Rxg7 Rxg7 36. Qxg7+ 1-0

[Event "43. Olimpiada Batumi 2018 Femenina"]
[Site "Batumi GEO"]
[Date "2018.10.02"]
[Round "8.2"]
[White "Miller, Rachel"]
[Black "Olde, Margareth"]
[Result "0-1"]
[WhiteElo "1859"]
[BlackElo "2158"]
[PlyCount "168"]
[EventDate "2018.09.24"]
[EventType "team-swiss"]
[EventRounds "11"]
[EventCountry "GEO"]
[SourceTitle "Ajedrez en Madrid"]
[Source "lmi"]
[SourceDate "2018.09.24"]
[WhiteTeam "Jamaica"]
[BlackTeam "Estonia"]
[WhiteTeamCountry "JAM"]
[BlackTeamCountry "EST"]

1. e4 c5 2. Nc3 a6 3. f4 b5 4. g3 Bb7 5. Bg2 e6 6. d3 d5 7. Qe2 Nf6 8. e5 Nfd7
9. Nf3 Nc6 10. O-O Be7 11. f5 Nf8 12. Bh6 gxh6 13. f6 Ng6 14. fxe7 Qxe7 15.
Rae1 O-O-O 16. Qd2 h5 17. a4 b4 18. Nd1 h6 19. c3 b3 20. Nf2 Qc7 21. d4 c4 22.
Nh3 Nce7 23. Nf4 Nxf4 24. Qxf4 Ng6 25. Qf6 Rdg8 26. Nh4 Nxh4 27. Qxh4 Rg5 28.
Rf6 Qe7 29. Ref1 Rh7 30. Bf3 Bc6 31. Bxh5 Be8 32. g4 a5 33. h3 Rgg7 34. Qf2 Qd7
35. Qf4 Qxa4 36. Rxh6 Qa2 37. Rxh7 Rxh7 38. Qc1 a4 39. Qa1 Qxa1 40. Rxa1 Kd8
41. Kf2 Ke7 42. Kg3 Rh8 43. Kf4 Bd7 44. Kg5 Ra8 45. Ra3 Rg8+ 46. Kf4 Rh8 47.
Ra1 Kf8 48. Kg5 Kg7 49. Kf4 Rh6 50. Ke3 Be8 51. Kf4 Rh7 52. Ke3 Kh6 53. h4 Rg7
54. Kf4 Rg8 55. Kg3 Rf8 56. Kf4 Bc6 57. Ke3 Bd7 58. Kd2 Kg7 59. Ke3 Bc6 60. Ke2
f6 61. exf6+ Rxf6 62. Ke3 Rf8 63. Ke2 Rf4 64. Ke3 e5 65. dxe5 Re4+ 66. Kd2 Rxe5
67. g5 Re4 68. Rh1 Rf4 69. Be2 d4 70. Rf1 Rxf1 71. Bxf1 d3 72. Kc1 Be4 73. h5
d2+ 74. Kxd2 a3 75. h6+ Kh7 76. Ke3 axb2 77. Bxc4 b1=Q 78. Kf4 Bg6 79. Bxb3
Qxb3 80. c4 Qxc4+ 81. Kg3 Qd3+ 82. Kh4 Bf5 83. g6+ Kxg6 84. h7 Qh3# 0-1

[Event "43. Olimpiada Batumi 2018 Femenina"]
[Site "Batumi GEO"]
[Date "2018.10.02"]
[Round "8.3"]
[White "Tsiganova, Monika"]
[Black "Clarke, Adani"]
[Result "1/2-1/2"]
[WhiteElo "2102"]
[BlackElo "1643"]
[PlyCount "116"]
[EventDate "2018.09.24"]
[EventType "team-swiss"]
[EventRounds "11"]
[EventCountry "GEO"]
[SourceTitle "Ajedrez en Madrid"]
[Source "lmi"]
[SourceDate "2018.09.24"]
[WhiteTeam "Estonia"]
[BlackTeam "Jamaica"]
[WhiteTeamCountry "EST"]
[BlackTeamCountry "JAM"]

1. d4 e6 2. Nf3 Nf6 3. c4 d5 4. Nc3 b6 5. Bg5 Be7 6. e3 O-O 7. Bd3 Bb7 8. Rc1
Nbd7 9. O-O c5 10. cxd5 Nxd5 11. Bxe7 Qxe7 12. Qe2 cxd4 13. Nxd4 Nc5 14. Bc4
Nxc3 15. Rxc3 Ne4 16. Rc2 Rac8 17. Rfc1 Nd6 18. Ba6 Rxc2 19. Rxc2 Rc8 20. Rxc8+
Nxc8 21. Bxb7 Qxb7 22. Qc4 Nd6 23. Qc6 Qxc6 24. Nxc6 a5 25. Kf1 Kf8 26. Ke2 Ke8
27. Kd3 Kd7 28. Ne5+ Kc7 29. h4 f6 30. Nf3 e5 31. e4 Kc6 32. Nd2 Kc5 33. g3 b5
34. f4 Nf7 35. Nf1 Nh8 36. fxe5 fxe5 37. Ne3 Nf7 38. Nf5 g6 39. Ne7 Nh6 40. Nd5
Nf7 41. g4 h6 42. Ne7 Nh8 43. Nd5 Nf7 44. a3 a4 45. Ne7 Nh8 46. Kc3 g5 47. h5
Nf7 48. Nf5 Kc6 49. Kb4 Kb6 50. Ne7 Nd6 51. Ng8 Nf7 52. Nf6 Kc6 53. Nd5 Nd6 54.
Nf6 Nf7 55. Ng8 Kb6 56. Ne7 Nd6 57. Nf5 Nf7 58. b3 axb3 1/2-1/2